Les 20 meilleurs buteurs de Ligue 1 - Statistiques

Statistiques générales
  • Ce quiz a été pris 233 fois
  • Le résultat moyen est 4 sur 20
Statistiques - réponses
Rang Pays Buts marqués Joueurs % Correct
17 France 156 Jean-Pierre Papin
77%
13 France 164 Just Fontaine
47%
2 France 255 Bernard Lacombe
43%
19 Yougoslavie 151 Josip Skoblar
39%
1 Argentine 299 Delio Onnis
37%
9 Argentine 179 Carlos Bianchi
29%
14 France 163 Alain Giresse
26%
3 France 216 Hervé Revelli
17%
8 France 187 Fleury Di Nallo
16%
10 Suède 179 Gunnar Andersson
14%
6 France 203 Roger Piantoni
14%
12 France 169 Jean Baratte
6%
15 France 159 André Guy
4%
16 France 157 Désiré Koranyi
3%
11 Maroc 173 Hassan Akesbi
3%
18 France 153 Jacky Vergnes
3%
7 France 190 Joseph Ujlaki
3%
20 France 149 Lucien Cossou
3%
4 France 210 Roger Courtois
3%
5 France 206 Thadée Cisowski
2%
Aucun quiz correspondant
Distribution des résultats
% des personnes avec chaque résultat
Percentile par nombre de réponses
Votre historique - résultats
Vous n’avez pas pris ce quiz